[Event "AUTO-OPEN-964"]
[Site "http://www.queenalice.com/game.php?id=334296"]
[Date "2008.1.10"]
[Round "1"]
[White "glennedybg"]
[Black "SRIVERO"]
[Result "1-0"]
[WhiteElo "1406"]
[BlackElo "1744"]

1. e4 c5 2. b4 d5 3. exd5 Qxd5 4. Nc3 Qf5 5. a3 Nf6 6. Nf3 e5 7. Rb1 Nc6 8. Bb5
Bd7 9. O-O cxb4 10. Bxc6 Bxc6 11. axb4 Bd6 12. Nh4 Qf4 13. g3 Qh6 14. d4 Qh5 15.
Qxh5 Nxh5 16. dxe5 Bxe5 17. Re1 f6 18. f4 O-O-O 19. fxe5 Rhe8 20. Nf3 Bxf3 21.
Kf2 Bc6 22. exf6 Nxf6 23. Bg5 h6 24. Bxf6 gxf6 25. Rxe8 Rxe8 26. Re1 Rxe1 27.
Kxe1 Kd7 28. Kf2 Ke6 29. Ke3 Ke5 30. Ne2 b6 31. Nd4 a5 32. Nxc6+ Kd5 33. bxa5
Kxc6 34. axb6 Kxb6 35. c4 Kc5 36. Kd3 f5 37. h4 h5 38. Kc3 Kc6 39. Kd4 Kd6 40.
c5+ Kc6 41. Ke5 Kxc5 42. Kxf5 Kd6 43. Kg5 Ke6 44. Kxh5 Kf7 45. Kh6 Kg8 46. g4
Kh8 47. g5 Kg8 48. g6 Kh8 49. g7+ Kg8 50. h5 Kf7 51. Kh7 Kf6 52. h6 Kg5 53.
g8=Q+ Kh5 54. Kg7 Kh4 55. h7 Kg5 56. Qf7 Kg4 57. Kf8 Kg5 58. h8=Q Kg4 59. Qhg8+
Kh4 60. Qfh7# 1-0

[Event "AUTO-OPEN-964"]
[Site "http://www.queenalice.com/game.php?id=334309"]
[Date "2008.1.10"]
[Round "1"]
[White "glennedybg"]
[Black "RJGF"]
[Result "0-1"]
[WhiteElo "1528"]
[BlackElo "1836"]

1. d4 d6 2. c4 Nf6 3. Nc3 g6 4. b3 Bg7 5. Bb2 O-O 6. Nf3 Bg4 7. e4 Nbd7 8. g3 a6
9. a4 c5 10. d5 Qc7 11. Bg2 Rfe8 12. O-O e6 13. Qd3 exd5 14. cxd5 Ne5 15. Nxe5
dxe5 16. Rac1 Qd7 17. f3 Bh3 18. g4 Bxg2 19. Kxg2 Rab8 20. Ba3 Rbc8 21. h3 Bh6
22. Rcd1 Bg5 23. Ne2 b5 24. axb5 axb5 25. Kg3 h5 26. h4 Bf4+ 27. Nxf4 exf4+ 28.
Kxf4 hxg4 29. Rde1 Nh5+ 30. Ke3 g3 31. Rg1 Qd6 32. Kd2 Qa6 33. Ra1 Qf6 34. Rac1
b4 35. Bxb4 cxb4 36. Qb5 Qb2+ 37. Ke3 Qxb3+ 38. Kd2 Qb2+ 39. Ke3 Qf2+ 40. Kd3
Nf4# 0-1

[Event "AUTO-OPEN-964"]
[Site "http://www.queenalice.com/game.php?id=334310"]
[Date "2008.1.10"]
[Round "1"]
[White "RJGF"]
[Black "glennedybg"]
[Result "1-0"]
[WhiteElo "1844"]
[BlackElo "1628"]

1. e4 e5 2. Nf3 d6 3. d4 exd4 4. Bc4 h6 5. Nxd4 c5 6. Nf3 Nf6 7. Nc3 Be7 8. O-O
Bg4 9. Re1 Nc6 10. Nd5 O-O 11. Nxe7+ Qxe7 12. Bd5 Nd4 13. c3 Nxf3+ 14. gxf3 Bh3
15. f4 Nxd5 16. exd5 Qf6 17. Qd3 Qh4 18. Qg3 Qxg3+ 19. fxg3 f6 20. Bd2 Rfe8 21.
Kf2 g5 22. Re3 Kg7 23. Rae1 Kf7 24. c4 a6 25. Bc3 Rxe3 26. Rxe3 Rd8 27. fxg5
hxg5 28. Rf3 f5 29. Re3 Re8 30. Rxe8 Kxe8 31. a3 Kf7 32. b4 b6 33. a4 Bg4 34. b5
a5 35. Bxa5 bxa5 36. b6 1-0

[Event "AUTO-OPEN-966"]
[Site "http://www.queenalice.com/game.php?id=334928"]
[Date "2008.1.11"]
[Round "1"]
[White "Dean20"]
[Black "glennedybg"]
[Result "1-0"]
[WhiteElo "1763"]
[BlackElo "1659"]

1. e4 e5 2. Nf3 Nc6 3. d4 exd4 4. Nxd4 Qh4 5. Nb5 Qxe4+ 6. Be3 Bd6 7. N1c3 Qg6
8. Nxd6+ cxd6 9. Nb5 Kd8 10. Nxd6 b6 11. Bc4 Ne5 12. Bb3 Kc7 13. Nb5+ Kd8 14.
Nxa7 Rxa7 15. Qd4 Nc6 16. Qxb6+ Ke8 17. O-O-O Nf6 18. g3 Ra6 19. Qc7 Ra8 20.
Rhe1 Ne7 21. Qe5 Ng4 22. Qf4 Nxe3 23. Rxe3 h5 24. Rde1 1-0

[Event "AUTO-OPEN-966"]
[Site "http://www.queenalice.com/game.php?id=334929"]
[Date "2008.1.11"]
[Round "1"]
[White "glennedybg"]
[Black "Dean20"]
[Result "0-1"]
[WhiteElo "1619"]
[BlackElo "1906"]

1. d4 c6 2. c4 Nf6 3. Nc3 d5 4. Nf3 Be6 5. Bf4 Nbd7 6. e3 dxc4 7. e4 Qb6 8. Na4
Qa5+ 9. Bd2 Qc7 10. Qc2 b5 11. Nc3 Bg4 12. Be2 e5 13. d5 Bc5 14. O-O O-O 15.
Rad1 a5 16. b3 Nb6 17. Rfe1 Rfe8 18. Bg5 Qd6 19. dxc6 Qxc6 20. Bxf6 Qxf6 21.
Nxb5 Qc6 22. bxc4 Bb4 23. Nd2 Bxe2 24. Rxe2 Bxd2 25. Rexd2 Nxc4 26. Rd5 Rec8 27.
Na7 Qf6 28. Nxc8 Rxc8 29. Qxc4 Re8 30. Qb5 Rc8 31. Qxa5 h6 32. Rxe5 Kh7 33. h3
Rc2 34. Rf5 Qe6 35. Qd5 Qxd5 36. exd5 f6 37. a4 Rc5 38. Rf3 Ra5 39. Ra3 Kg8 40.
d6 Ra8 41. d7 Rd8 42. a5 Kf7 43. a6 Ke7 44. a7 g5 0-1

[Event "AUTO-OPEN-966"]
[Site "http://www.queenalice.com/game.php?id=334952"]
[Date "2008.1.11"]
[Round "1"]
[White "glennedybg"]
[Black "Polux"]
[Result "1-0"]
[WhiteElo "1639"]
[BlackElo "1616"]

1. e4 e5 2. Nf3 d6 3. Bc4 Be7 4. d3 c6 5. Nc3 Nh6 6. Bxh6 gxh6 7. O-O b5 8. Bb3
a5 9. a3 a4 10. Ba2 Qb6 11. d4 b4 12. axb4 Qxb4 13. Rb1 a3 14. dxe5 dxe5 15.
Nxe5 axb2 16. Bxf7+ Kf8 17. Qf3 Kg7 18. Qg3+ Bg5 19. h4 Ra3 20. hxg5 Rxc3 21.
Qh4 hxg5 22. Qxg5+ Kf8 23. Bh5 Qxe4 24. Qf6+ Kg8 25. Qf7# 1-0

[Event "AUTO-OPEN-966"]
[Site "http://www.queenalice.com/game.php?id=334953"]
[Date "2008.1.11"]
[Round "1"]
[White "Polux"]
[Black "glennedybg"]
[Result "1-0"]
[WhiteElo "1637"]
[BlackElo "1635"]

1. e4 e5 2. d3 Nf6 3. Be2 Bc5 4. h3 d6 5. Nf3 Nc6 6. c3 O-O 7. O-O Re8 8. d4 Bb6
9. Qc2 d5 10. exd5 Nxd5 11. Ng5 g6 12. Ne4 Kg7 13. Qd2 Nf4 14. Bf3 Qh4 15. g3
Nxh3+ 16. Kh2 Qe7 17. Qh6+ Kh8 18. Bg5 Nxg5 19. Nxg5 f6 20. Ne4 Qg7 21. Qxg7+
Kxg7 22. dxe5 Rxe5 23. Na3 h6 24. Nc4 Rb5 25. b3 Ne5 26. Be2 Nxc4 27. Bxc4 Rh5+
28. Kg2 Bh3+ 29. Kg1 Bxf1 30. Rxf1 Rd8 31. Kg2 f5 32. Be2 fxe4 33. Bxh5 gxh5 34.
Kh3 Kf6 35. Kh4 Kg6 36. Re1 Re8 37. f3 1-0

[Event "AUTO-OPEN-966"]
[Site "http://www.queenalice.com/game.php?id=334954"]
[Date "2008.1.11"]
[Round "1"]
[White "glennedybg"]
[Black "galaksoda"]
[Result "1-0"]
[WhiteElo "1521"]
[BlackElo "1731"]

1. e4 e5 2. Nf3 Nc6 3. Bb5 Nf6 4. Bxc6 dxc6 5. Nxe5 Nxe4 6. Qf3 Qd5 7. d4 Be6 8.
c3 O-O-O 9. O-O h5 10. Re1 f6 11. Rxe4 fxe5 12. Nd2 b5 13. Rxe5 Qxf3 14. Nxf3
Re8 15. Bf4 Bd6 16. Re4 Bd5 17. Rxe8+ Rxe8 18. Ne5 g5 19. Bxg5 Bxe5 20. dxe5
Rxe5 21. Be3 Kb7 22. a3 a5 23. b4 a4 24. h3 Re6 25. g3 Rg6 26. Bf4 h4 27. Kh2
hxg3+ 28. fxg3 Re6 29. h4 Re2+ 30. Kh3 Rc2 31. Be5 Re2 32. Bd4 Re4 33. g4 Be6
34. Rg1 Re2 35. Rg2 Re1 36. h5 Ra1 37. h6 Bg8 38. g5 Rh1+ 39. Rh2 Be6+ 40. Kg3
Rf1 41. h7 1-0

[Event "AUTO-OPEN-966"]
[Site "http://www.queenalice.com/game.php?id=334955"]
[Date "2008.1.11"]
[Round "1"]
[White "galaksoda"]
[Black "glennedybg"]
[Result "1-0"]
[WhiteElo "1707"]
[BlackElo "1551"]

1. e4 e5 2. Nf3 d6 3. Bc4 Bg4 4. Nc3 Nc6 5. h3 Bh5 6. Nd5 Nf6 7. d3 Be7 8. Be3
O-O 9. g4 Bg6 10. Nd2 Re8 11. h4 h6 12. h5 Bh7 13. g5 Nxd5 14. exd5 Nd4 15. gxh6
Bg5 16. c3 Nf5 17. Qf3 Nxh6 18. Ne4 Bxe3 19. fxe3 Bxe4 20. Qxe4 Qg5 21. O-O-O
Nf5 22. Rdg1 Qf6 23. Bb5 Re7 24. Ba4 Rc8 25. Rf1 Ng3 26. Qg2 Nxf1 27. Rxf1 Qg5
28. Qxg5 1-0

[Event "AUTO-OPEN-967"]
[Site "http://www.queenalice.com/game.php?id=335426"]
[Date "2008.1.12"]
[Round "1"]
[White "Smartmove"]
[Black "glennedybg"]
[Result "1-0"]
[WhiteElo "1898"]
[BlackElo "1647"]

1. e4 e5 2. d4 exd4 3. c3 dxc3 4. Nxc3 Nc6 5. Bc4 Nf6 6. Qb3 Qe7 7. Nf3 h6 8.
O-O b6 9. e5 Nh7 10. Nd5 Qd8 11. Nf6+ gxf6 12. Bxf7+ Ke7 13. Bg6 d5 14. exd6+
Kd7 15. Qf7+ Be7 16. dxe7 Qxe7 17. Rd1+ Nd4 18. Rxd4+ Kc6 19. Qd5# 1-0

[Event "AUTO-OPEN-967"]
[Site "http://www.queenalice.com/game.php?id=335427"]
[Date "2008.1.12"]
[Round "1"]
[White "glennedybg"]
[Black "Smartmove"]
[Result "0-1"]
[WhiteElo "1646"]
[BlackElo "1963"]

1. d4 d5 2. c4 e6 3. Nf3 Nf6 4. g3 Be7 5. Nc3 O-O 6. cxd5 exd5 7. Bg2 Bg4 8. O-O
c6 9. Ne5 Be6 10. Bg5 Nbd7 11. Bxf6 Bxf6 12. Nxd7 Qxd7 13. Qd3 Bf5 14. e4 dxe4
15. Bxe4 Bxe4 16. Nxe4 Qxd4 17. Nxf6+ Qxf6 18. Qb3 b6 19. Rac1 c5 20. Qc2 Rad8
21. b3 Rd4 22. Rfe1 Rfd8 23. Qc3 h5 24. a3 h4 25. Re3 h3 26. Qc2 g6 27. Qe2 Rd2
28. Qe1 R8d5 29. g4 Qf4 30. Rg3 Rxf2 31. Qe8+ Kg7 32. Rxh3 Qxc1+ 33. Kxf2 Rd2+
34. Kg3 Qg1+ 35. Kh4 Qf2+ 36. Rg3 Qxh2+ 37. Rh3 Qf2+ 38. Rg3 g5+ 39. Kxg5 Qf6+
40. Kh5 Qh6# 0-1

[Event "AUTO-OPEN-967"]
[Site "http://www.queenalice.com/game.php?id=335452"]
[Date "2008.1.12"]
[Round "1"]
[White "jmsteinfeld"]
[Black "glennedybg"]
[Result "1-0"]
[WhiteElo "1745"]
[BlackElo "1605"]

1. e4 e5 2. Nf3 Nc6 3. Bb5 d6 4. Bxc6+ bxc6 5. d4 Be7 6. dxe5 Bb7 7. exd6 cxd6
8. Nc3 Nf6 9. O-O O-O 10. b3 c5 11. Re1 Re8 12. Bb2 Qd7 13. Nd5 Nxd5 14. exd5
Qf5 15. c4 Qg6 16. Qd2 Bc8 17. Qc3 Bh3 18. Qxg7+ Qxg7 19. Bxg7 Bxg2 20. Kxg2
Kxg7 21. Rg1 Bf6 22. Rab1 Re2 23. a4 Rb8 24. Kf1+ 1-0

[Event "AUTO-OPEN-967"]
[Site "http://www.queenalice.com/game.php?id=335453"]
[Date "2008.1.12"]
[Round "1"]
[White "glennedybg"]
[Black "jmsteinfeld"]
[Result "1-0"]
[WhiteElo "1542"]
[BlackElo "1745"]

1. d4 d5 2. c4 e6 3. Nf3 dxc4 4. Nc3 g6 5. e4 Bg7 6. Bxc4 Nc6 7. e5 Nh6 8. O-O
O-O 9. Bg5 Qd7 10. Re1 a6 11. Qd2 b5 12. Bb3 Nf5 13. Rad1 Bb7 14. d5 exd5 15.
Nxd5 Rfe8 16. Bf6 Bh6 17. Ng5 Nxe5 18. Bxe5 c6 19. Nf6+ 1-0

[Event "AUTO-OPEN-967"]
[Site "http://www.queenalice.com/game.php?id=335470"]
[Date "2008.1.12"]
[Round "1"]
[White "glennedybg"]
[Black "silverado"]
[Result "1-0"]
[WhiteElo "1568"]
[BlackElo "1787"]

1. d4 d6 2. c4 Bf5 3. Nc3 Nf6 4. g3 d5 5. Bg2 c6 6. Nf3 dxc4 7. O-O b5 8. a3 e6
9. b4 Be7 10. Re1 O-O 11. e4 Bg4 12. Bb2 Nh5 13. Qd2 h6 14. Ne5 Bg5 15. f4 Bf6
16. Nxg4 Bxd4+ 17. Kf1 a6 18. Rad1 Bb6 19. e5 Qxd2 20. Rxd2 a5 21. Nxb5 axb4 22.
axb4 cxb5 23. Bxa8 Na6 24. Bc6 Nxb4 25. Bxb5 Nd5 26. Bxc4 Ba5 27. Bxd5 Bxd2 28.
Rd1 Ba5 29. Ba2 Rb8 30. Bb1 Rxb2 31. Rc1 Kf8 32. Ne3 Rxh2 33. Kg1 Rh3 34. Rc8+
Ke7 35. Nf1 Nxg3 36. Kg2 Rh1 37. Bd3 Bb6 38. Kxg3 Rg1+ 39. Kf3 h5 40. Rh8 g6 41.
Ng3 Bc5 42. Ne4 Bb6 43. Nf6 Rh1 44. Re8# 1-0

[Event "AUTO-OPEN-967"]
[Site "http://www.queenalice.com/game.php?id=335471"]
[Date "2008.1.12"]
[Round "1"]
[White "silverado"]
[Black "glennedybg"]
[Result "1-0"]
[WhiteElo "1719"]
[BlackElo "1576"]

1. e4 e5 2. Nf3 d6 3. Bc4 h6 4. Nc3 Nf6 5. h3 Be7 6. Nd5 O-O 7. d3 Be6 8. Nxf6+
Bxf6 9. Bxe6 fxe6 10. O-O d5 11. Be3 Nc6 12. Bc5 Be7 13. Bxe7 Qxe7 14. c3 Rad8
15. exd5 exd5 16. Qd2 e4 17. Rfe1 Qf6 18. d4 exf3 19. g3 Rde8 20. Qd3 Nd8 21.
Qb5 Qf5 22. Rxe8 Qxh3 23. Rxf8+ Kxf8 24. Qf1 Qg4 25. Re1 h5 26. Kh2 Ne6 27. Qh3
Qxh3+ 28. Kxh3 Kf7 29. Kh4 g6 30. Re5 c6 31. g4 Nf4 32. gxh5 gxh5 33. Rf5+ Kg6
34. Rxf4 1-0

[Event "AUTO-ADV-790"]
[Site "http://www.queenalice.com/game.php?id=347465"]
[Date "2008.2.2"]
[Round "1"]
[White "IRAN_SILVA"]
[Black "glennedybg"]
[Result "1-0"]
[WhiteElo "1944"]
[BlackElo "1641"]

1. d4 Nf6 2. c4 e6 3. Nc3 Bb4 4. Qc2 Bxc3+ 5. Qxc3 b6 6. Bg5 O-O 7. e3 Bb7 8. f3
d5 9. cxd5 exd5 10. Bxf6 Qxf6 11. Qxc7 Bc6 12. Bd3 Re8 13. Kd2 Nd7 14. Ba6 Qe7
15. Qxc6 Qxe3+ 16. Kc2 Qf2+ 17. Ne2 Nf6 18. Kb3 Qxg2 19. Rhg1 Qxf3+ 20. Nc3 Ne4
21. Qxd5 Rad8 22. Qb7 Rxd4 23. Ka3 Qf4 24. Nxe4 Rdxe4 25. b3 Qd6+ 26. Kb2 Qd2+
27. Ka3 1-0

[Event "AUTO-ADV-790"]
[Site "http://www.queenalice.com/game.php?id=347466"]
[Date "2008.2.2"]
[Round "1"]
[White "glennedybg"]
[Black "IRAN_SILVA"]
[Result "0-1"]
[WhiteElo "1642"]
[BlackElo "2015"]

1. e4 c5 2. f4 e6 3. Nf3 d5 4. e5 f6 5. Be2 Nc6 6. O-O Qc7 7. Re1 Be7 8. d4 Bd7
9. Nc3 cxd4 10. Nxd4 Nxd4 11. Bg4 Bc5 12. Kh1 Nf5 13. Bxf5 exf5 14. Nxd5 Qc6 15.
exf6+ Kf7 16. fxg7 Kxg7 17. b3 Kf7 18. Qh5+ Qg6 19. Qh4 Bc6 20. Rd1 Nf6 21. c4
Ng4 22. Rd2 Bxd5 23. Rxd5 Be7 0-1

[Event "AUTO-ADV-790"]
[Site "http://www.queenalice.com/game.php?id=347481"]
[Date "2008.2.2"]
[Round "1"]
[White "Ccello93"]
[Black "glennedybg"]
[Result "1-0"]
[WhiteElo "2252"]
[BlackElo "1614"]

1. d4 Nf6 2. c4 e6 3. Nc3 Bb4 4. Qc2 Bxc3+ 5. Qxc3 b6 6. Bg5 O-O 7. Nf3 Bb7 8.
e3 h6 9. Bh4 Bxf3 10. gxf3 d5 11. Rg1 Nbd7 12. cxd5 exd5 13. Bh3 g5 14. f4 Ne4
15. Qc6 Kh7 16. f5 gxh4 17. Qxd5 Ndf6 18. Qxd8 Raxd8 19. Rc1 Nd5 20. Bg2 Rg8 21.
Kf1 Rde8 22. Bxe4 Rxg1+ 23. Kxg1 Rxe4 24. Kg2 Nf6 25. Rxc7 Kg7 26. h3 Nd5 27.
Rd7 Nb4 28. Kf3 Re8 29. Rxa7 Rb8 30. e4 Nc6 31. Rd7 Ra8 32. a3 Ra4 33. Ke3 b5
34. e5 1-0

[Event "AUTO-ADV-790"]
[Site "http://www.queenalice.com/game.php?id=347482"]
[Date "2008.2.2"]
[Round "1"]
[White "glennedybg"]
[Black "Ccello93"]
[Result "0-1"]
[WhiteElo "1637"]
[BlackElo "2239"]

1. f4 d5 2. d4 c5 3. c3 cxd4 4. cxd4 Nc6 5. Nf3 Bf5 6. e3 Nf6 7. Bb5 Qb6 8. Nc3
e6 9. a3 Bd6 10. O-O O-O 11. Bd2 a6 12. Bxc6 bxc6 13. Na4 Qb7 14. Qc1 a5 15. h3
Ne4 16. Nh4 Ng3 17. Rf2 Bd3 18. Nc3 c5 19. Kh2 Nf5 20. Na4 Nxh4 21. Nxc5 Bxc5
22. Qxc5 Rfc8 23. Qd6 Ra6 24. Qe5 Bf5 25. g4 f6 26. Qxf6 gxf6 27. gxf5 Qxb2 28.
Rg1+ Kh8 29. fxe6 Rc2 30. Rd1 Rxd2 0-1

[Event "AUTO-ADV-790"]
[Site "http://www.queenalice.com/game.php?id=347493"]
[Date "2008.2.2"]
[Round "1"]
[White "glennedybg"]
[Black "Petruzza"]
[Result "1-0"]
[WhiteElo "1626"]
[BlackElo "1677"]

1. e4 e6 2. Nf3 c6 3. d4 g6 4. Bc4 b5 5. Bb3 a5 6. a3 a4 7. Ba2 Nf6 8. Bg5 h6 9.
Bxf6 Qxf6 10. O-O g5 11. Nc3 g4 12. Ne5 h5 13. f3 gxf3 14. Rxf3 Qg6 15. Nxg6
fxg6 16. Qd2 Bh6 17. Qd3 Rf8 18. Rxf8+ Bxf8 19. d5 exd5 20. exd5 c5 21. Qxg6+
Kd8 22. Nxb5 Ra6 23. Qf7 d6 24. Qc7+ Ke8 25. Re1+ Be6 26. Rxe6+ Be7 27. Qxe7#
1-0

[Event "AUTO-ADV-790"]
[Site "http://www.queenalice.com/game.php?id=347494"]
[Date "2008.2.2"]
[Round "1"]
[White "Petruzza"]
[Black "glennedybg"]
[Result "1-0"]
[WhiteElo "1662"]
[BlackElo "1644"]

1. e3 d5 2. d4 c5 3. dxc5 Nc6 4. Nc3 Nf6 5. b3 e5 6. Ba3 b6 7. Bb5 Bb7 8. Nf3 e4
9. Ne5 Rc8 10. Nxc6 Bxc6 11. Bxc6+ Rxc6 12. b4 bxc5 13. b5 Rb6 14. g4 h6 15. h4
Qd7 16. f3 exf3 17. Qxf3 Be7 18. g5 hxg5 19. hxg5 Rxh1+ 20. Qxh1 Ng4 21. Nxd5
Re6 22. Qh8+ Bf8 23. Bxc5 Qxd5 24. Qxf8+ Kd7 25. Rd1 1-0